• 首页
  • 本馆介绍
  • 公告通知
  • 最新文献
  • 馆藏检索
  • 电子资源
  • 读者导购
  • 参考咨询
  • 我的图书馆
  • 登录
  • 详细信息显示
  • 放入我的书架
  • 预约/预借图书
  • 作者相关作品
  • 分类相关作品
  • 丛书相关作品
  • 出版社相关作品

书目信息

  • 表格格式
  • 工作单格式
  • 卡片格式
题名:
高空间分辨分析电子显微学
    
 
作者: 叶恒强 , 王仁卉 , 朱静 编著
分册:  
出版信息: 北京   科学出版社  1987
页数: 395页
开本: 19cm
丛书名: 材料科学及测试技术丛书
单 册:
中图分类: TN16 , TM930.1
科图分类:
主题词: 高分辨电子显微术 , 电气测量 , 电工仪表
电子资源:
ISBN:
000 00874nam2 2200313 45
001 0187005980
005 20061122144357.68
010    @dCNY3.10
091    @aCN@b15031.837
100    @a19901126d1987 emky0chiy0121 ea
101 0  @achi
102    @aCN@b110000
105    @ay z 000yy
200 10 @a高空间分辨分析电子显微学@Agao kong jian fen bian fen xi dian zi xian wei xue@f朱静等编著
210    @a北京@c科学出版社@d1987
215    @a395页@d19cm
225 2  @a材料科学及测试技术丛书
410  0 @120010@a材料科学及测试技术丛书
606    @a高分辨电子显微术
606 0  @a电气测量
606 0  @a电工仪表
690    @aTN16@v3 
690    @aTM930.1@v3
701  0 @a叶恒强@Aye heng qiang@4编著
701  0 @a王仁卉@Awang ren hui@4编著
701  0 @a朱静@Azhu jing@4编著
801  2 @aCN@bNLC@c20061122
801  0 @aCN@bTSSF
905    @a10447@dTM930.1@e58
    
    高空间分辨分析电子显微学/朱静等编著.-北京:科学出版社,1987
    395页;19cm.-(材料科学及测试技术丛书)
    
    
    ISBN :CNY3.10
    
●
相关链接 在E读中查询图书 在五车中查询图书 在当当中查询图书 在豆瓣中查询图书


正题名:高空间分辨分析电子显微学     索取号:TM930.1/58         预约/预借

序号 登录号 条形码 馆藏地/架位号 状态 备注
1 0220466   202107406   第二样本阅览室/ [索取号:TM930.1/58] 在馆    
唐山师范学院图书馆 欢迎您!
大连网信软件有限公司© 版权所有